Countries in the UEFA Confederation (with a map) - Statistics

General Stats
  • This quiz has been taken 1,164 times
  • The average score is 49 of 56
Answers on the Map
Answers color-coded by a green-red scale on the quiz's map according to % correct below.
 
Answer Stats
UEFA Team % Correct
France
97%
Spain
97%
England
96%
Ireland
96%
Italy
96%
Portugal
96%
Russia
96%
Finland
95%
Germany
95%
Norway
95%
Scotland
95%
Sweden
95%
Wales
95%
Belgium
94%
Denmark
94%
Iceland
94%
Netherlands
94%
Turkey
94%
Greece
93%
Poland
93%
Austria
92%
Northern Ireland
92%
Switzerland
92%
Ukraine
92%
Croatia
91%
Slovakia
91%
Albania
90%
Serbia
90%
Andorra
89%
Hungary
89%
Romania
89%
Slovenia
89%
Bosnia and Herzegovina
88%
Bulgaria
88%
Czechia
88%
Estonia
88%
San Marino
88%
Belarus
87%
Latvia
87%
Luxembourg
87%
Lithuania
86%
Malta
85%
Montenegro
85%
Liechtenstein
84%
Monaco
84%
Kosovo
83%
Macedonia
83%
Moldova
82%
Cyprus
81%
Georgia
78%
Gibraltar
78%
Armenia
76%
Faroe Islands
75%
Azerbaijan
73%
Israel
69%
Kazakhstan
51%
No matching quizzes found
Score Distribution
Percent of People with Each Score
Percentile by Number Answered
Your Score History
You have not taken this quiz